Nghiên cứu trích li các hoạt chất của sầu đâu mới du nhập từ ấn Độ Luận văn tốt nghiệp Đại học Sư phạm ngành Hóa Khóa 16

保存先:
書誌詳細
第一著者: Trần Thị Phương Thảo
フォーマット: 図書
言語:Undetermined
出版事項: Cần Thơ Trường Đại học Cần Thơ, Khoa Sư phạm, Bộ môn Hóa 1994
タグ: タグ追加
タグなし, このレコードへの初めてのタグを付けませんか!
Thư viện lưu trữ: Trung tâm Học liệu Trường Đại học Cần Thơ
LEADER 00755nam a2200181Ia 4500
001 CTU_33760
008 210402s9999 xx 000 0 und d
082 |a 632.9 
082 |b Th108/1994 
100 |a Trần Thị Phương Thảo 
245 0 |a Nghiên cứu trích li các hoạt chất của sầu đâu mới du nhập từ ấn Độ 
245 0 |b Luận văn tốt nghiệp Đại học Sư phạm ngành Hóa Khóa 16 
245 0 |c Trần Thị Phương Thảo 
260 |a Cần Thơ 
260 |b Trường Đại học Cần Thơ, Khoa Sư phạm, Bộ môn Hóa 
260 |c 1994 
904 |i Nguyễn Quang Điền, 991109 
980 |a Trung tâm Học liệu Trường Đại học Cần Thơ